| 000 | 00781nam a22001937a 4500 | ||
|---|---|---|---|
| 003 | OSt | ||
| 005 | 20210423064126.0 | ||
| 008 | 210217s2009 ||||| |||| 00| 0 geo d | ||
| 020 | _a9789941018527 | ||
| 040 |
_ageo _beng _cDLC |
||
| 041 | _ageo | ||
| 080 |
_a821.353.1 _bუ-15 |
||
| 245 |
_aუახლესი ქართული პოეზიის ანთოლოგია / The Anthology of Modern Georgian Poetry _c/ by: ეროვნული მწერლობა / National Writers |
||
| 260 |
_aთბილისი / Tbilisi _bეროვნული მწერლობა / National Writers _c2010 |
||
| 300 |
_a799 p. _bill. |
||
| 650 | 0 |
_9942 _aGeorgian Literature |
|
| 653 | _aქართული ლიტერატურა | ||
| 942 |
_2udc _cBK |
||
| 999 |
_c1503 _d1503 |
||